000 00556nam a2200121Ia 4500
008 220620s9999||||xx |||||||||||||| ||und||
100 _aCunha, Joana||Carrillo, Eugenia||Moreno, Javier
245 0 _aChapter Can Attenuated Leishmania Induce Equally Effective Protection as Virulent Strains in Visceral Leishmaniasis
546 _aEnglish[eng]
650 _aTechnology, engineering, agriculture
856 _uhttps://library.oapen.org/bitstream/20.500.12657/49128/1/45965.pdf||https://library.oapen.org/bitstream/20.500.12657/49128/1/45965.pdf
942 _cEB
999 _c29765
_d29765